|
|
|
|
| LEADER |
01049nam a2200253 a 4500 |
| 001 |
c000365473 |
| 003 |
CARM |
| 005 |
00000000000000.0 |
| 008 |
851211s1962 sz af 00010 ger c |
| 019 |
1 |
|
|a 4162615
|z 27892963
|5 LACONCORD2021
|
| 020 |
|
|
|a 3716035130
|
| 035 |
|
|
|a (OCoLC)21231609
|5 LACONCORD2021
|
| 050 |
1 |
4 |
|a PT2623.I29
|b A17 1962
|
| 100 |
1 |
|
|a Lichtenstein, Alfred,
|d 1889-1914.
|
| 240 |
1 |
0 |
|a Poems
|
| 245 |
1 |
0 |
|a Gesammelte Gedichte /
|c Alfred Lichtenstein ; [auf Grund der handschriftlichen Gedichthefte Alfred Lichtensteins kritisch herausgegeben von Klaus Kanzog].
|
| 260 |
|
|
|a Zürich :
|b Im Verlag der Arche,
|c c1962.
|
| 300 |
|
|
|a 125 p., [4] p. of plates :
|b ill. ;
|c 15 cm.
|
| 490 |
0 |
|
|a Sammlung Horizont
|
| 504 |
|
|
|a Includes bibliographical references (p. 124).
|
| 700 |
1 |
|
|a Kanzog, Klaus.
|
| 852 |
8 |
|
|b CARM
|h A1:AN33C0
|i B08999
|p 0423218
|f BK
|
| 999 |
f |
f |
|i ab34ab06-d9c3-5c5d-9f24-499eb1c2c0b7
|s 62eb9b2f-0c41-5496-b15f-d34402db6b8e
|
| 952 |
f |
f |
|p Can circulate
|a CAVAL
|b CAVAL
|c CAVAL
|d CARM 1 Store
|e B08999
|f A1:AN33C0
|h Other scheme
|i book
|m 0423218
|